Vincitori Campionato italiano di rugby a 15 - Statistics

Statistiche generali
  • Questo quiz è stato fatto 35 volte
    19 dall'ultimo reset
  • Il punteggio medio è 61 su 94
Statistiche sulle risposte
Stagione Squadra vincitrice % Corretto
1967-1968 Petrarca
93%
1968-1969 Petrarca
93%
1969-1970 Petrarca
93%
1970-1971 Petrarca
93%
1971-1972 Petrarca
93%
1972-1973 Petrarca
93%
1973-1974 Petrarca
93%
1976-1977 Petrarca
93%
1979-1980 Petrarca
93%
1983-1984 Petrarca
93%
1984-1985 Petrarca
93%
1985-1986 Petrarca
93%
1986-1987 Petrarca
93%
2010-2011 Petrarca
93%
2017-2018 Petrarca
93%
2021-2022 Petrarca
93%
1982-1983 Benetton
87%
1988-1989 Benetton
87%
1991-1992 Benetton
87%
1996-1997 Benetton
87%
1997-1998 Benetton
87%
1998-1999 Benetton
87%
2000-2001 Benetton
87%
2002-2003 Benetton
87%
2003-2004 Benetton
87%
2005-2006 Benetton
87%
2006-2007 Benetton
87%
2008-2009 Benetton
87%
2009-2010 Benetton
87%
1950-1951 Rovigo
87%
1951-1952 Rovigo
87%
1952-1953 Rovigo
87%
1953-1954 Rovigo
87%
1961-1962 Rovigo
87%
1962-1963 Rovigo
87%
1963-1964 Rovigo
87%
1975-1976 Rovigo
87%
1978-1979 Rovigo
87%
1987-1988 Rovigo
87%
1989-1990 Rovigo
87%
2015-2016 Rovigo
87%
2020-2021 Rovigo
87%
2022-2023 Rovigo
87%
2024-2025 Rovigo
87%
2001-2002 Viadana
80%
1949-1950 Parma
73%
1954-1955 Parma
73%
1956-1957 Parma
73%
1994-1995 Milan
67%
1995-1996 Milan
67%
2023-2024 Petrarca
67%
1957-1958 Fiamme Oro
60%
1958-1959 Fiamme Oro
60%
1959-1960 Fiamme Oro
60%
1960-1961 Fiamme Oro
60%
1934-1935 Rugby Roma
60%
1936-1937 Rugby Roma
60%
1947-1948 Rugby Roma
60%
1948-1949 Rugby Roma
60%
1999-2000 Rugby Roma
60%
1964-1965 Partenope
53%
1965-1966 Partenope
53%
1966-1967 L'Aquila
47%
1980-1981 L'Aquila
47%
1981-1982 L'Aquila
47%
1993-1994 L'Aquila
47%
1955-1956 Treviso
47%
1977-1978 Treviso
47%
2004-2005 Calvisano
40%
2007-2008 Calvisano
40%
2011-2012 Calvisano
40%
2013-2014 Calvisano
40%
2014-2015 Calvisano
40%
2016-2017 Calvisano
40%
2018-2019 Calvisano
40%
1946-1947 Ginnastica Torino
40%
1990-1991 Amatori Milano
27%
1992-1993 Amatori Milano
27%
1929-1930 Amatori Rugby Milano
27%
1930-1931 Amatori Rugby Milano
27%
1931-1932 Amatori Rugby Milano
27%
1932-1933 Amatori Rugby Milano
27%
1933-1934 Amatori Rugby Milano
27%
1935-1936 Amatori Rugby Milano
27%
1937-1938 Amatori Rugby Milano
27%
1938-1939 Amatori Rugby Milano
27%
1939-1940 Amatori Rugby Milano
27%
1940-1941 Amatori Rugby Milano
27%
1941-1942 Amatori Rugby Milano
27%
1942-1943 Amatori Rugby Milano
27%
1945-1946 Amatori Rugby Milano
27%
1928-1929 Ambrosiana
27%
2012-2013 Mogliano
20%
1974-1975 Brescia
13%
Nessun quiz corrispondente trovato
Distribuzione punteggi
Percentuale di utenti per punteggio
Percentile per numero di risposta
I tuoi punteggi nel tempo
Non hai fatto questo quiz dall'ultimo reset